[Event "IBCA World Individual Chess Championship"]
[Site "Rzeszow"]
[Date "2025.??.??"]
[Round "2.10"]
[White "Racis, Michal"]
[Black "Kuanyshuly, Nurgisa"]
[Result "1-0"]
[PlyCount "99"]
[EventDate "2025.??.??"]

{[BlackTitle ""] [WhiteElo "2104"] [BlackElo "1767"]} 1. d4 Nf6 2. c4 g6 3. g3
Bg7 4. Bg2 O-O 5. Nf3 d6 6. O-O Nc6 7. Nc3 e5 8. dxe5 dxe5 9. Bg5 Be6 10. Qa4
Qe8 11. Rfd1 Nd7 12. Nd5 Bxd5 13. cxd5 Nd4 14. Nxd4 exd4 15. Rac1 Rc8 16. Bf4
Ne5 17. Qb3 b6 18. Bh3 Qe7 19. Bxc8 Rxc8 20. Rxd4 Qd7 21. Bxe5 Bxe5 22. Rdd1
Bd6 23. Qc4 Re8 24. Rd4 Qf5 25. e3 Re7 26. Qd3 Qf3 27. Qd1 Qf6 28. Rc6 Rd7 29.
Kg2 Qg7 30. Qa4 Rd8 31. Qxa7 Qe5 32. Rxd6 Qxd6 33. Qb7 Qe7 34. b4 Qd7 35. Qc6
Qe7 36. a4 Rd6 37. Qb7 Qf6 38. Qxc7 g5 39. a5 bxa5 40. bxa5 h5 41. h3 Qg6 42.
a6 g4 43. a7 gxh3+ 44. Kh2 Ra6 45. Qb8+ Kg7 46. a8=Q Rxa8 47. Qxa8 Qb1 48. d6
Qf1 49. Qf3 h4 50. Rg4+ 1-0

[Event "IBCA World Individual Chess Championship"]
[Site "Rzeszow"]
[Date "2025.??.??"]
[Round "2.11"]
[White "Morariu, Ionel"]
[Black "Jumadullayev, Kuanishbek"]
[Result "0-1"]
[PlyCount "30"]
[EventDate "2025.??.??"]

{[BlackTitle ""] [WhiteElo "1933"] [BlackElo "2082"]} 1. e4 e5 2. Nf3 Nc6 3.
Bc4 Be7 4. O-O Nf6 5. Re1 Nxe4 6. Rxe4 d5 7. Bxd5 Qxd5 8. Nc3 Qd6 9. Nb5 Qg6
10. Qe1 Bh3 11. g3 Bd6 12. d4 O-O-O 13. Nxd6+ cxd6 14. dxe5 dxe5 15. Nxe5 Qxe4
0-1

[Event "IBCA World Individual Chess Championship"]
[Site "Rzeszow"]
[Date "2025.??.??"]
[Round "2.12"]
[White "Fernandez Lago, David"]
[Black "Muratova, Aliya"]
[Result "1-0"]
[PlyCount "68"]
[EventDate "2025.??.??"]

{[BlackTitle ""] [WhiteElo "2080"] [BlackElo "1471"]} 1. e4 c5 2. Nf3 d6 3. Nc3
Nc6 4. Bc4 e5 5. d3 h6 6. Nd2 Be7 7. Nf1 Nf6 8. Ne3 Be6 9. Ncd5 O-O 10. O-O Na5
11. Nxf6+ Bxf6 12. Bd5 Nc6 13. c3 Rc8 14. a4 a5 15. Qb3 Qd7 16. Nc4 Bd8 17. f4
Bxd5 18. exd5 Ne7 19. fxe5 dxe5 20. d6 Nc6 21. Bd2 Rb8 22. Rae1 Re8 23. Re2 Qe6
24. Qb5 Qd5 25. d4 b6 26. Rxe5 Rxe5 27. Nxe5 Nxe5 28. Qe8+ Kh7 29. Qxe5 Qxe5
30. dxe5 b5 31. Rxf7 bxa4 32. Be3 Bb6 33. e6 c4 34. Bxb6 Rxb6 1-0

[Event "IBCA World Individual Chess Championship"]
[Site "Rzeszow"]
[Date "2025.??.??"]
[Round "2.13"]
[White "Ikromalieva, Sabokhat"]
[Black "Kishan, Gangolli"]
[Result "0-1"]
[PlyCount "71"]
[EventDate "2025.??.??"]

{[BlackTitle ""] [WhiteElo "1574"] [BlackElo "2026"]} 1. d4 Nf6 2. Bf4 d5 3. e3
c5 4. Nd2 Nc6 5. c3 Bf5 6. Ngf3 e6 7. Bb5 a6 8. Ba4 b5 9. Bc2 Bxc2 10. Qxc2
cxd4 11. cxd4 Rc8 12. Rc1 Bb4 13. O-O O-O 14. Qd3 Na5 15. b3 Qb6 16. Rc2 Rxc2
17. Qxc2 Qb7 18. Qb2 Rc8 19. Rc1 Ne4 20. Nb1 f6 21. h3 Rc6 22. Rxc6 Qxc6 23. a3
Bf8 24. Ne1 b4 25. Nd3 bxa3 26. Nxa3 Qc3 27. Qxc3 Nxc3 28. b4 Nc6 29. Nc2 Na2
30. Nc5 e5 31. dxe5 fxe5 32. Bg3 Bxc5 33. bxc5 Nc3 34. f4 Ne4 35. Kh2 exf4 36.
Bxf4 0-1

[Event "IBCA World Individual Chess Championship"]
[Site "Rzeszow"]
[Date "2025.??.??"]
[Round "2.15"]
[White "Kimsanboyev, Axadxon"]
[Black "Abdullayev, Amrillo"]
[Result "1-0"]
[PlyCount "63"]
[EventDate "2025.??.??"]

{[BlackTitle ""] [WhiteElo "1993"] [BlackElo "1914"]} 1. d4 c5 2. d5 d6 3. c4
g6 4. Nf3 Bg7 5. g3 Nf6 6. Bg2 e5 7. Nc3 O-O 8. O-O Nh5 9. e4 f5 10. exf5 Bxf5
11. Ng5 Nf6 12. Nce4 Qd7 13. Ne6 Nxe4 14. Nxf8 Bxf8 15. f3 Nf6 16. g4 Nxg4 17.
fxg4 Bxg4 18. Qe1 Na6 19. a3 Bg7 20. Qh4 Re8 21. Bh6 Bxh6 22. Qxh6 Bf5 23. Rf2
e4 24. Re1 Qg7 25. Qxg7+ Kxg7 26. Rfe2 Nc7 27. Bxe4 Bg4 28. Bf3 Bxf3 29. Rxe8
Nxe8 30. Rxe8 b5 31. cxb5 Bxd5 32. Rd8 1-0

[Event "IBCA World Individual Chess Championship"]
[Site "Rzeszow"]
[Date "2025.??.??"]
[Round "2.16"]
[White "Horbal, Jozef"]
[Black "Wolanski, Michal"]
[Result "0-1"]
[PlyCount "58"]
[EventDate "2025.??.??"]

{[BlackTitle ""] [WhiteElo "1829"] [BlackElo "1990"]} 1. d4 Nf6 2. c4 e6 3. Nf3
c5 4. d5 exd5 5. cxd5 d6 6. Nc3 g6 7. e4 Bg7 8. Bb5+ Bd7 9. Bxd7+ Nbxd7 10. O-O
O-O 11. Re1 a6 12. a4 Rb8 13. Qd3 Ng4 14. h3 Nge5 15. Nxe5 Nxe5 16. Qg3 c4 17.
Re2 b5 18. axb5 axb5 19. Bf4 b4 20. Nd1 Ra8 21. Rxa8 Qxa8 22. Bxe5 Bxe5 23. Qe3
Qa1 24. Re1 Bxb2 25. Qe2 Bc3 26. Nxc3 Qxc3 27. Rb1 Ra8 28. Qf1 b3 29. Rc1 Qd3
0-1

[Event "IBCA World Individual Chess Championship"]
[Site "Rzeszow"]
[Date "2025.??.??"]
[Round "2.17"]
[White "Polnar, Josef"]
[Black "Vrioni, Bersan"]
[Result "1/2-1/2"]
[PlyCount "41"]
[EventDate "2025.??.??"]

{[BlackTitle ""] [WhiteElo "1777"] [BlackElo "1950"]} 1. d4 Nf6 2. Nf3 e6 3. e3
b6 4. Bd3 Bb7 5. Nbd2 d5 6. O-O Nbd7 7. Re1 Bd6 8. e4 dxe4 9. Nxe4 Nxe4 10.
Bxe4 Bxe4 11. Rxe4 O-O 12. Qd3 Be7 13. Bf4 Nf6 14. Re2 c5 15. Rd1 Rc8 16. c3 c4
17. Qc2 Nd5 18. Bg3 Bd6 19. Bxd6 Qxd6 20. Ng5 Nf6 21. Ne4 1/2-1/2

[Event "IBCA World Individual Chess Championship"]
[Site "Rzeszow"]
[Date "2025.??.??"]
[Round "2.18"]
[White "Egeman, Emilia"]
[Black "Tryjanska, Emilia"]
[Result "1/2-1/2"]
[PlyCount "60"]
[EventDate "2025.??.??"]

{[BlackTitle ""] [WhiteElo "1933"] [BlackElo "1828"]} 1. e4 e5 2. Nf3 Nc6 3.
Bc4 Nf6 4. d3 Be7 5. O-O O-O 6. a4 d6 7. h3 Na5 8. Ba2 c5 9. Nbd2 h6 10. Re1
Re8 11. Nf1 Nc6 12. c3 Bf8 13. Ne3 Rb8 14. Nd2 Ne7 15. Ndc4 Ng6 16. Nd5 Nxd5
17. exd5 Bd7 18. Bb1 Qh4 19. Qf3 Nf4 20. Bxf4 exf4 21. Re4 Qg5 22. Rxe8 Rxe8
23. Bc2 Bf5 24. Kf1 Bg6 25. g4 fxg3 26. fxg3 Bh5 27. g4 Bg6 28. Kg2 h5 29. Rf1
Qe7 30. Rf2 a6 1/2-1/2

[Event "IBCA World Individual Chess Championship"]
[Site "Rzeszow"]
[Date "2025.??.??"]
[Round "2.19"]
[White "Gulamov, Ilkhom"]
[Black "Polnarova, Tatana"]
[Result "1/2-1/2"]
[PlyCount "70"]
[EventDate "2025.??.??"]

{[BlackTitle ""] [WhiteElo "1910"] [BlackElo "1737"]} 1. e4 d6 2. d4 e5 3. Nf3
Bg4 4. dxe5 Bxf3 5. Qxf3 dxe5 6. Bc4 Qf6 7. Qb3 b6 8. Nd2 Bd6 9. Nf3 h6 10. O-O
Ne7 11. a4 a6 12. Be3 Nd7 13. Qd3 a5 14. Bb5 c6 15. Rfd1 cxb5 16. Qxd6 Qxd6 17.
Rxd6 bxa4 18. Rad1 Nc5 19. Rxb6 Nxe4 20. Rb7 f6 21. Rdd7 Nf5 22. Bb6 Ned6 23.
Ra7 Rxa7 24. Rxa7 O-O 25. g4 Nc8 26. Rxa5 Nxb6 27. gxf5 Rc8 28. Ra6 Nc4 29. b3
axb3 30. cxb3 Nb2 31. Ra7 Nd3 32. Nh4 Nf4 33. f3 Rb8 34. Ng6 Kh7 35. Nxf4 exf4
1/2-1/2

[Event "IBCA World Individual Chess Championship"]
[Site "Rzeszow"]
[Date "2025.??.??"]
[Round "2.20"]
[White "Sanchez Ruiz, Piedad Esmeralda"]
[Black "Migala, Andrzej"]
[Result "1/2-1/2"]
[PlyCount "20"]
[EventDate "2025.??.??"]

{[BlackTitle ""] [WhiteElo "1733"] [BlackElo "1884"]} 1. e4 c5 2. Nf3 d6 3. c3
Nf6 4. h3 Bd7 5. Bd3 Bc6 6. Qe2 g6 7. Bc2 Bg7 8. O-O O-O 9. Re1 Re8 10. d4 e6
1/2-1/2

[Event "IBCA World Individual Chess Championship"]
[Site "Rzeszow"]
[Date "2025.??.??"]
[Round "2.21"]
[White "Arnedo Vigueras, Miguel"]
[Black "Madjeric, Miroslav"]
[Result "1-0"]
[PlyCount "79"]
[EventDate "2025.??.??"]

{[BlackTitle ""] [WhiteElo "1857"] [BlackElo "1719"]} 1. e4 c5 2. Nf3 Nf6 3.
Nc3 e6 4. d4 cxd4 5. Nxd4 a6 6. a3 d6 7. g3 Be7 8. Bg2 O-O 9. O-O Qc7 10. Nb3
Nc6 11. Re1 b5 12. f4 Bb7 13. Be3 Rac8 14. Qe2 Rfe8 15. Rad1 h5 16. h3 g6 17.
Qf2 Nd8 18. Bb6 Qb8 19. e5 dxe5 20. fxe5 Nh7 21. Ne4 Bxe4 22. Rxe4 Ng5 23. Re2
Nc6 24. Rde1 Bd8 25. Bc5 Be7 26. h4 Nh7 27. Rf1 Bxc5 28. Nxc5 Re7 29. Nxa6 Qa7
30. Nc5 Nd4 31. Qxd4 Qxc5 32. Qxc5 Rxc5 33. Rd1 Re8 34. Rd7 f6 35. exf6 Nxf6
36. Rd6 Kf7 37. Bh3 e5 38. Rf2 Kg7 39. Rfxf6 Rxc2 40. Rxg6+ 1-0

[Event "IBCA World Individual Chess Championship"]
[Site "Rzeszow"]
[Date "2025.??.??"]
[Round "2.23"]
[White "Nurhayev, Erlan"]
[Black "Dilkova, Ilinka"]
[Result "1-0"]
[PlyCount "51"]
[EventDate "2025.??.??"]

{[BlackTitle ""] [WhiteElo "1831"] [BlackElo "1606"]} 1. d4 d5 2. Bf4 Nf6 3.
Nc3 e6 4. e3 a6 5. Nf3 Bb4 6. Bd3 Nc6 7. O-O O-O 8. h3 Ne7 9. a3 Bd6 10. Bg5
Ng6 11. e4 dxe4 12. Bxf6 Qxf6 13. Nxe4 Qe7 14. c4 c5 15. Nxd6 Qxd6 16. dxc5
Qxc5 17. b4 Qh5 18. Bxg6 hxg6 19. Qd6 g5 20. Rfe1 g4 21. hxg4 Qxg4 22. Ne5 Qh4
23. Rad1 Re8 24. Re3 Qe7 25. Qxe7 Rxe7 26. Rd8+ 1-0

[Event "IBCA World Individual Chess Championship"]
[Site "Rzeszow"]
[Date "2025.??.??"]
[Round "2.24"]
[White "Kulpinski, Piotr"]
[Black "Horbalova, Ivana"]
[Result "1-0"]
[PlyCount "39"]
[EventDate "2025.??.??"]

{[BlackTitle ""] [WhiteElo "1827"] [BlackElo "1528"]} 1. d4 Nf6 2. c4 g6 3. Nc3
Bg7 4. e4 d6 5. Be2 O-O 6. Nf3 Nbd7 7. O-O e5 8. dxe5 dxe5 9. Qc2 c6 10. h3 Qc7
11. Be3 b6 12. b4 Bb7 13. c5 b5 14. a4 a6 15. Ra2 Rfe8 16. Rfa1 Bf8 17. Qb3 h6
18. Nh4 Kg7 19. Bxh6+ Kh8 20. Qxf7 1-0

[Event "IBCA World Individual Chess Championship"]
[Site "Rzeszow"]
[Date "2025.??.??"]
[Round "2.25"]
[White "Zhakov, Aleksandr"]
[Black "Spionkowski, Fabian"]
[Result "1-0"]
[PlyCount "131"]
[EventDate "2025.??.??"]

{[BlackTitle ""] [WhiteElo "1686"] [BlackElo "1823"]} 1. Nf3 Nf6 2. b3 g6 3.
Bb2 Bg7 4. g3 d5 5. Bg2 O-O 6. O-O c5 7. c4 e6 8. cxd5 exd5 9. d4 cxd4 10. Nxd4
Nc6 11. Nc3 Be6 12. Rc1 Rc8 13. Na4 Nxd4 14. Qxd4 b6 15. Rxc8 Qxc8 16. Rc1 Qd7
17. Qf4 Rc8 18. Rxc8+ Qxc8 19. Qc1 Qxc1+ 20. Bxc1 Ne4 21. f3 Nd6 22. Bf4 Nb7
23. Bd2 Nd6 24. Nc3 d4 25. Nd1 Nb5 26. Bf1 Nc3 27. Nxc3 dxc3 28. Bc1 a5 29. e3
Kf8 30. Kf2 Ke7 31. Ba3+ Kd7 32. Bb5+ Kc7 33. Ke2 Bd7 34. Bc4 f5 35. Kd1 b5 36.
Bd3 b4 37. Bc1 Kd6 38. Kc2 Bc6 39. e4 fxe4 40. fxe4 Ke5 41. Bf4+ Kd4 42. Bc7
Bxe4 43. Bb6+ Kd5 44. Bxa5 Bf8 45. a3 bxa3 46. Bxc3 Bxd3+ 47. Kxd3 a2 48. Kc2
Ke4 49. Kb2 Bd6 50. Bd2 Kf3 51. Kxa2 Kg2 52. Bf4 Bb4 53. h4 Kf3 54. Kb2 h5 55.
Kc2 Ke4 56. Bd2 Bd6 57. Be1 Ke3 58. Kd1 Kf3 59. b4 Kg4 60. Ke2 g5 61. hxg5 Kxg5
62. Kf3 Kf5 63. b5 Bb8 64. b6 Kg5 65. Bd2+ Kf5 66. Bf4 1-0

[Event "IBCA World Individual Chess Championship"]
[Site "Rzeszow"]
[Date "2025.??.??"]
[Round "2.27"]
[White "Galani, Mahendra"]
[Black "Lukasiewicz, Ignacy"]
[Result "0-1"]
[PlyCount "68"]
[EventDate "2025.??.??"]

{[BlackTitle ""] [WhiteElo "1593"] [BlackElo "1793"]} 1. e4 e6 2. d4 d5 3. exd5
exd5 4. Nc3 c6 5. Nge2 Bd6 6. Qd3 Na6 7. a3 Ne7 8. Ng3 Be6 9. Nh5 Kf8 10. Be2
Bf5 11. Qd1 Nc7 12. Bg4 Qd7 13. Bxf5 Qxf5 14. Be3 Qg6 15. O-O Ne6 16. Rc1 Nf5
17. Nf4 Nxf4 18. Bxf4 Bxf4 19. Rb1 h5 20. Qf3 Qg4 21. Qxg4 hxg4 22. g3 Bc7 23.
Ne2 Ke7 24. c3 Rh7 25. f3 gxf3 26. Rxf3 g6 27. b4 Rah8 28. Rf2 Nxg3 29. Re1 Ne4
30. Nc1 Bxh2+ 31. Kg2 Kd7 32. Rf3 Bc7 33. Rg1 Rh2+ 34. Kf1 Nd2+ 0-1

[Event "IBCA World Individual Chess Championship"]
[Site "Rzeszow"]
[Date "2025.??.??"]
[Round "2.28"]
[White "Lherbon De Lussats, Jean"]
[Black "Drazetic, Novica"]
[Result "0-1"]
[PlyCount "104"]
[EventDate "2025.??.??"]

{[BlackTitle ""] [WhiteElo "1529"] [BlackElo "1751"]} 1. c4 e6 2. Nc3 d5 3. d4
c5 4. e3 Nc6 5. g3 Nf6 6. cxd5 exd5 7. Nge2 Bf5 8. a3 Be7 9. Bg2 cxd4 10. Nxd4
Nxd4 11. Qxd4 Be6 12. O-O O-O 13. Rd1 Qc7 14. Nxd5 Nxd5 15. Bxd5 Rfd8 16. Qe4
Qd7 17. Qf3 Bxd5 18. e4 Bxe4 19. Rxd7 Bxf3 20. Rxd8+ Rxd8 21. Be3 a6 22. Re1
Rd1 23. Kf1 Bf6 24. Bd2 Rxe1+ 25. Kxe1 Bxb2 26. Bb4 Bd4 27. h4 h5 28. a4 b6 29.
a5 f6 30. axb6 Bxb6 31. Bd6 Kf7 32. Bf4 Ke6 33. Be3 Bxe3 34. fxe3 a5 35. Kd2 a4
36. Kc2 Bd5 37. Kb2 Kf5 38. Ka3 Bc6 39. Kb4 Ke4 40. Kc5 Be8 41. Kc4 Kxe3 42.
Kb4 Kf3 43. Ka3 Kxg3 44. Kb4 f5 45. Ka3 f4 46. Kb4 f3 47. Ka3 f2 48. Kb2 f1=Q
49. Ka2 Qb5 50. Ka1 Bg6 51. Ka2 Qb1+ 52. Ka3 Qb3# 0-1

[Event "IBCA World Individual Chess Championship"]
[Site "Rzeszow"]
[Date "2025.??.??"]
[Round "3.1"]
[White "Tazbir, Marcin"]
[Black "Kimsanboyev, Axadxon"]
[Result "1/2-1/2"]
[WhiteElo "2529"]
[BlackElo "1993"]
[PlyCount "117"]
[EventDate "2025.??.??"]

1. e4 c5 2. Nc3 Nc6 3. Bb5 Nd4 4. Bc4 e6 5. Nf3 g6 6. Nxd4 cxd4 7. Ne2 Bg7 8.
c3 dxc3 9. dxc3 Ne7 10. Qd6 Nc6 11. Bf4 Qe7 12. O-O-O e5 13. Be3 Bf8 14. Qd3 d6
15. f4 Be6 16. f5 gxf5 17. exf5 e4 18. f6 exd3 19. fxe7 Bxe7 20. Bxd3 Bxa2 21.
Bc2 Be6 22. Nf4 O-O-O 23. Nd5 Bxd5 24. Rxd5 Rdg8 25. Be4 Re8 26. Bf4 Ne5 27.
Rhd1 f6 28. Ra5 Kb8 29. Bd5 Bd8 30. Ra4 Bc7 31. Kd2 Nd7 32. Rd4 Re7 33. Rb4 Nb6
34. Bf3 d5 35. Kc1 Rd8 36. h3 Be5 37. Be3 Bc7 38. Bf2 Rde8 39. Kc2 Rd8 40. Rb5
Nc4 41. Rbxd5 Rxd5 42. Rxd5 Ne5 43. Bc5 Re8 44. Be4 Ng6 45. Bd3 b6 46. Bd4 Nf4
47. Rd7 h6 48. Bb5 Rg8 49. Bc6 Nxg2 50. Bd5 Rg3 51. Rh7 Be5 52. Bf2 Ne3+ 53.
Bxe3 Rxe3 54. Rxh6 Kc7 55. h4 Re2+ 56. Kb1 Re1+ 57. Ka2 Re2 58. Kb1 Re1+ 59.
Ka2 1/2-1/2

[Event "IBCA World Individual Chess Championship"]
[Site "Rzeszow"]
[Date "2025.??.??"]
[Round "3.2"]
[White "Jumadullayev, Kuanishbek"]
[Black "Pulvett Marin, Daniel Eduardo"]
[Result "0-1"]
[WhiteElo "2082"]
[BlackElo "2483"]
[PlyCount "106"]
[EventDate "2025.??.??"]

1. Nf3 Nf6 2. b3 d5 3. Bb2 e6 4. e3 Bd6 5. d4 O-O 6. Bd3 c5 7. dxc5 Bxc5 8.
Nbd2 Nc6 9. O-O Qe7 10. c4 Rd8 11. Qb1 h6 12. cxd5 exd5 13. Bf5 Ba3 14. Bc3 Be6
15. Nd4 Rac8 16. Nxc6 bxc6 17. Rd1 c5 18. Nf3 Bxf5 19. Qxf5 Qe6 20. Qxe6 fxe6
21. Rab1 Ne4 22. Bb2 Bxb2 23. Rxb2 a5 24. Rc2 Rc7 25. Nd4 Kf7 26. Nb5 Rcc8 27.
Rdc1 c4 28. f3 Nd6 29. Nxd6+ Rxd6 30. Kf2 Rdc6 31. Ke2 e5 32. Kd2 a4 33. bxc4
dxc4 34. Kc3 Rd8 35. Rd2 Rxd2 36. Kxd2 Rd6+ 37. Ke2 Rb6 38. Rc2 Ke6 39. e4 Kd6
40. Kd2 Kc5 41. Kc3 Rd6 42. Rd2 Rxd2 43. Kxd2 Kd4 44. Ke2 g5 45. Kd2 c3+ 46.
Ke2 h5 47. Kd1 Kd3 48. Kc1 h4 49. Kd1 a3 50. Kc1 c2 51. g3 h3 52. f4 gxf4 53.
gxf4 exf4 0-1

[Event "IBCA World Individual Chess Championship"]
[Site "Rzeszow"]
[Date "2025.??.??"]
[Round "3.3"]
[White "Nikac, Predrag"]
[Black "Falkowski, Dawid"]
[Result "1-0"]
[WhiteElo "2231"]
[BlackElo "1971"]
[PlyCount "53"]
[EventDate "2025.??.??"]

1. e4 c5 2. Nf3 Nc6 3. d4 cxd4 4. Nxd4 Nf6 5. Nc3 d6 6. Bc4 e6 7. O-O Be7 8.
Be3 O-O 9. Bb3 a6 10. f4 Nxd4 11. Bxd4 b5 12. f5 b4 13. Na4 e5 14. Bb6 Qe8 15.
c3 Bb7 16. cxb4 Bxe4 17. Rc1 Rb8 18. a3 Qd7 19. Rc7 Qe8 20. Be3 Rb7 21. Rc1 Qa8
22. Nc3 Bc6 23. Bg5 Bxg2 24. Bxf6 Bxf1 25. Bxe7 Rxb4 26. Nd5 Rf4 27. Nxf4 1-0

[Event "IBCA World Individual Chess Championship"]
[Site "Rzeszow"]
[Date "2025.??.??"]
[Round "3.4"]
[White "Wolanski, Michal"]
[Black "Eichstaedt, Mirko"]
[Result "1-0"]
[WhiteElo "1990"]
[BlackElo "2205"]
[PlyCount "79"]
[EventDate "2025.??.??"]

1. c4 e6 2. e4 d5 3. exd5 exd5 4. cxd5 Nf6 5. Nc3 Nxd5 6. Bc4 Nb6 7. Bb3 Bd6 8.
Nf3 Qe7+ 9. Qe2 Qxe2+ 10. Nxe2 O-O 11. O-O Nc6 12. h3 Re8 13. Nc3 Be6 14. Bxe6
Rxe6 15. d4 Nb4 16. Bd2 Nc4 17. d5 Ree8 18. a3 Nd3 19. b4 Nxd2 20. Nxd2 Be5 21.
Ndb1 Nf4 22. Ra2 Rad8 23. Rd2 Rd6 24. h4 Bxc3 25. Nxc3 c6 26. Rfd1 Red8 27.
dxc6 Rxd2 28. Rxd2 Rxd2 29. c7 Ne6 30. c8=Q+ Nd8 31. Ne4 Rd1+ 32. Kh2 Kf8 33.
Nc5 b6 34. Nb7 Ke7 35. Nxd8 Rxd8 36. Qg4 Kf8 37. Qf4 Rd7 38. Qb8+ Ke7 39. Qe5+
Kf8 40. Qf5 1-0

[Event "IBCA World Individual Chess Championship"]
[Site "Rzeszow"]
[Date "2025.??.??"]
[Round "3.5"]
[White "Magnusson, Jorgen"]
[Black "Abiad Parra, Victor"]
[Result "1/2-1/2"]
[WhiteElo "2237"]
[BlackElo "1930"]
[PlyCount "30"]
[EventDate "2025.??.??"]

1. f4 d5 2. g3 Nf6 3. Bg2 g6 4. Nf3 Bg7 5. O-O O-O 6. c3 c5 7. d3 Nc6 8. Na3
Rb8 9. Nc2 b5 10. Nd2 a5 11. e4 e6 12. e5 Nd7 13. d4 b4 14. Nf3 Ba6 15. Re1 Qe7
1/2-1/2

[Event "IBCA World Individual Chess Championship"]
[Site "Rzeszow"]
[Date "2025.??.??"]
[Round "3.6"]
[White "Dukaczewski, Piotr"]
[Black "Hahnewald, Uwe"]
[Result "1-0"]
[WhiteElo "2164"]
[BlackElo "1933"]
[PlyCount "77"]
[EventDate "2025.??.??"]

1. Nf3 d5 2. g3 Nf6 3. Bg2 e6 4. O-O c5 5. d3 Nc6 6. Bf4 Bd6 7. Bxd6 Qxd6 8. c4
d4 9. Na3 O-O 10. Nc2 e5 11. a3 a5 12. Rb1 a4 13. b4 axb3 14. Rxb3 Na5 15. Rb2
e4 16. Ng5 exd3 17. exd3 Rb8 18. Qd2 b6 19. Rfb1 Bd7 20. Nh3 Rfd8 21. Nf4 h6
22. h4 Qc7 23. Ne2 Nc6 24. Ne1 Na7 25. Nf3 Bc6 26. Nf4 Nc8 27. Qd1 Re8 28. Ne1
Bxg2 29. Nexg2 Qc6 30. g4 Nd7 31. Nd5 Ne5 32. f4 Nd7 33. Qf3 Nf6 34. Nxf6+ Qxf6
35. a4 Re7 36. Rb5 Reb7 37. Rxc5 Qe7 38. Re5 Qd7 39. Rd5 1-0

[Event "IBCA World Individual Chess Championship"]
[Site "Rzeszow"]
[Date "2025.??.??"]
[Round "3.7"]
[White "Stachanczyk, Jacek"]
[Black "Salamon, Julia"]
[Result "1/2-1/2"]
[WhiteElo "2122"]
[BlackElo "1954"]
[PlyCount "91"]
[EventDate "2025.??.??"]

1. e4 c5 2. Nf3 Nc6 3. Nc3 g6 4. d4 cxd4 5. Nxd4 Bg7 6. Be3 Nf6 7. Bc4 O-O 8.
Bb3 Re8 9. O-O d6 10. h3 a6 11. Re1 Na5 12. Qd3 Nxb3 13. axb3 Bd7 14. Nd5 e6
15. Nxf6+ Bxf6 16. c3 d5 17. exd5 exd5 18. Qd2 Qc7 19. Nf3 Bc6 20. Bd4 Qd6 21.
Qh6 Bxd4 22. Nxd4 Rxe1+ 23. Rxe1 Qf8 24. Qxf8+ Kxf8 25. f3 Re8 26. Ra1 Bd7 27.
Kf2 Ke7 28. Nc2 Be6 29. Rd1 Rd8 30. Rd2 Rd6 31. Ke3 Rb6 32. Nd4 Rd6 33. b4 Bd7
34. Ne2 Bb5 35. Nf4 Bc4 36. Kd4 f6 37. Rd1 Kf7 38. Re1 g5 39. Nh5 Re6 40. Rxe6
Kxe6 41. Ng7+ Kd6 42. Nf5+ Ke6 43. Ng7+ Kd6 44. Nf5+ Ke6 45. Ng7+ Kd6 46. Nf5+
1/2-1/2

[Event "IBCA World Individual Chess Championship"]
[Site "Rzeszow"]
[Date "2025.??.??"]
[Round "3.8"]
[White "Kishan, Gangolli"]
[Black "Racis, Michal"]
[Result "1-0"]
[WhiteElo "2026"]
[BlackElo "2104"]
[PlyCount "85"]
[EventDate "2025.??.??"]

1. d4 Nf6 2. c4 g6 3. Nc3 Bg7 4. e4 d6 5. Nge2 O-O 6. Ng3 e5 7. d5 c6 8. h4
cxd5 9. cxd5 a6 10. a4 Qa5 11. Bd2 Qb6 12. a5 Qd8 13. Be2 Nbd7 14. h5 b5 15.
axb6 Nxb6 16. O-O Nfd7 17. Qc1 Nc5 18. Ra3 a5 19. Bg5 f6 20. Be3 f5 21. Bxc5
dxc5 22. hxg6 hxg6 23. exf5 gxf5 24. Nh5 Rf7 25. Nb5 Bb7 26. Qxc5 Qxd5 27. Qxd5
Bxd5 28. Nd6 Rff8 29. Rd1 Kh7 30. Rh3 Bh6 31. Ng3 f4 32. Bd3+ e4 33. Bxe4+ Bxe4
34. Ngxe4 f3 35. Nb7 Nc4 36. Ng5+ Kg6 37. Nxf3 Rab8 38. Nxa5 Nxa5 39. Rd6+ Kg7
40. Rhxh6 Rxb2 41. Rhg6+ Kf7 42. Ne5+ Ke7 43. Rge6# 1-0

[Event "IBCA World Individual Chess Championship"]
[Site "Rzeszow"]
[Date "2025.??.??"]
[Round "3.9"]
[White "Aryan, B Joshi"]
[Black "Fernandez Lago, David"]
[Result "1/2-1/2"]
[WhiteElo "1968"]
[BlackElo "2080"]
[PlyCount "52"]
[EventDate "2025.??.??"]

1. e4 e6 2. d4 d5 3. Nd2 c5 4. Ngf3 cxd4 5. Nxd4 Nc6 6. Bb5 Bd7 7. Nxc6 Bxc6 8.
Qe2 Nf6 9. Bd3 dxe4 10. Nxe4 Qd4 11. c3 Qe5 12. Nxf6+ gxf6 13. Be3 Bc5 14. Bxc5
Qxc5 15. O-O-O O-O-O 16. f3 h5 17. Rd2 h4 18. Rhd1 Rhg8 19. Be4 Rxd2 20. Qxd2
Bxe4 21. Qd7+ Kb8 22. fxe4 Qe3+ 23. Rd2 Qe1+ 24. Rd1 Qe3+ 25. Rd2 Qe1+ 26. Rd1
Qe3+ 1/2-1/2

[Event "IBCA World Individual Chess Championship"]
[Site "Rzeszow"]
[Date "2025.??.??"]
[Round "3.11"]
[White "Deville, Olivier"]
[Black "Pribeanu, Mihail-Dacian"]
[Result "1/2-1/2"]
[WhiteElo "1833"]
[BlackElo "2140"]
[PlyCount "48"]
[EventDate "2025.??.??"]

1. d4 Nf6 2. c4 g6 3. Nc3 Bg7 4. e4 d6 5. Nf3 O-O 6. Be2 Nbd7 7. O-O e5 8. Be3
Ng4 9. Bg5 f6 10. Bh4 h5 11. Ne1 Nh6 12. f3 g5 13. Bf2 f5 14. exf5 Nxf5 15. Nc2
exd4 16. Nxd4 Ne5 17. c5 g4 18. fxg4 Nxd4 19. Bxd4 Rxf1+ 20. Bxf1 Bxg4 21. Ne2
dxc5 22. Bxc5 b6 23. Bf2 c6 24. h3 Qxd1 1/2-1/2

[Event "IBCA World Individual Chess Championship"]
[Site "Rzeszow"]
[Date "2025.??.??"]
[Round "3.12"]
[White "Casadei, Marco"]
[Black "Arnedo Vigueras, Miguel"]
[Result "1/2-1/2"]
[WhiteElo "2011"]
[BlackElo "1857"]
[PlyCount "38"]
[EventDate "2025.??.??"]

1. e4 c5 2. Nf3 e6 3. d4 cxd4 4. Nxd4 Nf6 5. Bd3 Nc6 6. Be3 d5 7. Nxc6 bxc6 8.
e5 Nd7 9. f4 Bc5 10. Bxc5 Nxc5 11. Nc3 Qb6 12. b3 Nxd3+ 13. Qxd3 Ba6 14. Qd2
O-O 15. Na4 Qb5 16. Nc3 Qb6 17. Na4 Qb5 18. Nc3 Qb6 19. Na4 Qb5 1/2-1/2

[Event "IBCA World Individual Chess Championship"]
[Site "Rzeszow"]
[Date "2025.??.??"]
[Round "3.13"]
[White "Tryjanska, Emilia"]
[Black "Mueller, Thorsten"]
[Result "0-1"]
[WhiteElo "1828"]
[BlackElo "1976"]
[PlyCount "160"]
[EventDate "2025.??.??"]

1. e4 e6 2. d4 d5 3. Nd2 c5 4. exd5 exd5 5. Bb5+ Bd7 6. Qe2+ Be7 7. Bxd7+ Qxd7
8. dxc5 Nf6 9. Nb3 O-O 10. Nf3 Na6 11. Be3 Rac8 12. O-O Rfe8 13. c6 Qxc6 14.
Nfd4 Qd7 15. h3 Nb4 16. c3 Nc6 17. Nf3 Bd6 18. Qd3 h6 19. Rfe1 Bb8 20. Rad1 Qc7
21. Qf5 Ne7 22. Qd3 Ng6 23. Qd4 Re4 24. Qd2 Rce8 25. Nbd4 a6 26. Nf5 Qd7 27.
N3d4 R4e5 28. Ng3 Qc7 29. Nf3 R5e6 30. Nd4 Re5 31. Nf3 R5e7 32. Qd4 Ne5 33.
Nxe5 Rxe5 34. Qf4 Qd7 35. Qf3 Qe6 36. Re2 h5 37. Red2 h4 38. Nf1 Rf5 39. Qe2
Ne4 40. Qg4 Nxd2 41. Rxd2 Qe4 42. Rd4 Qb1 43. Rd1 Qc2 44. Rd2 Qe4 45. Rd4 Qxg4
46. Rxg4 Re4 47. Bd4 Rxg4 48. hxg4 Rg5 49. Ne3 Bf4 50. Nf5 Rxg4 51. Ne7+ Kh7
52. Nxd5 Bc1 53. b4 Re4 54. Kf1 Kg6 55. a4 Bh6 56. Ne3 Bxe3 57. Bxe3 Kf5 58. a5
Ke5 59. Ke2 Kd5 60. f3 Rc4 61. Kd3 h3 62. gxh3 Rh4 63. Bd4 Rxh3 64. Ke3 f5 65.
Bxg7 Rh4 66. Bd4 f4+ 67. Kd3 Rh1 68. c4+ Ke6 69. Ke4 Rc1 70. Kxf4 Rxc4 71. Ke3
Rxb4 72. Bb6 Kf5 73. Bc7 Rb3+ 74. Kd4 Rxf3 75. Kc5 Ke6 76. Kb6 Rb3+ 77. Ka7 Kd7
78. Kb8 Kc6 79. Kc8 Rh3 80. Bd8 Rh8 0-1